Modellversuche zum Studium der Nabelringentstehung
Elmentve itt :
| Szerzők: | |
|---|---|
| Dokumentumtípus: | Cikk |
| Megjelent: |
1970
|
| Sorozat: | Kolligátum
|
| Kulcsszavak: | Igazságügyi orvostan |
| Online Access: | http://misc.bibl.u-szeged.hu/26656 |
| LEADER | 00601nab a2200181 i 4500 | ||
|---|---|---|---|
| 001 | misc26656 | ||
| 005 | 20191111110330.0 | ||
| 008 | 170825s1970 hu o 0|| zxx d | ||
| 040 | |a SZTE Miscellanea Repozitórium |b hun | ||
| 041 | |a zxx | ||
| 100 | 1 | |a Fazekas István Gyula | |
| 245 | 1 | 0 | |a Modellversuche zum Studium der Nabelringentstehung |h [elektronikus dokumentum] / |c Fazekas István Gyula |
| 260 | |c 1970 | ||
| 300 | |a 371-376 | ||
| 490 | 0 | |a Kolligátum | |
| 695 | |a Igazságügyi orvostan | ||
| 700 | 0 | 1 | |a Kósa Ferenc |e aut |
| 856 | 4 | 0 | |u http://misc.bibl.u-szeged.hu/26656/1/019_010_371-376.pdf |z Dokumentum-elérés |